MARC

LEADER 00000nab a2200000 4500
001 vtls011841828
003 SK-MaSNL
005 20260318114300.0
008 191113c2018 xo er|n || ||00 c|ukr
015 |a SNBRB2019/02 
038 |a SVKPOCL 
040 |a SVKPOCL  |b slo  |c SVKPOCL  |e rda 
041 0 |a ukr 
043 |a e------  |a e-xo---  |a e-un--- 
044 |a xo  |c SK 
072 7 |a 061.2  |x Nevládne organizácie a kooperácia  |2 konspekt 
072 7 |a 316.7  |x Sociológia kultúry. Kultúrny život  |2 konspekt 
080 |a 061.2(4):342.71:81'272  |2 2011 
080 |a 316.022.4(4)  |2 2011 
080 |a 811.161(=161.25):37  |2 2011 
080 |a 342.531.41(477):37.014.5  |2 2011 
080 |a (4)  |2 2011 
080 |a 37.091:342.71  |2 2011 
080 |a 342.71(4)  |2 2011 
080 |a (477.87)  |2 2011 
080 |a (477)  |2 2011 
100 1 |a Medviď, Peter,  |d 1981-  |4 aut  |9 268505 
245 1 0 |a Rusynў zvernuly s'a pysmom do kyjivskoj kancelariji Radў Evropў  |c Petro Medviď 
246 3 3 |a Rusynŷ zvernuly s'a pysmom do kyjivskoj kancelariji Radŷ Evropŷ 
300 |b Fotografie 
336 |a text  |b txt  |2 rdacontent 
337 |a bez média  |b n  |2 rdamedia 
338 |a zväzok  |b nc  |2 rdacarrier 
500 |a V rubrike Karpaťska Rus' 
500 |a Svetová akadémia rusínskej kultúry (Toronto, Kanada) pozri World Academy of Carpatho-Rusyn Culture (Toronto, Kanada) 
500 |a Doplňujúce údaje sú prevzaté z coe.int a ruskline.ru 
600 1 7 |a Magocsi, Paul Robert,  |d 1945-  |2 SNKMA  |9 107071 
600 1 7 |a Kupensky, Nicholas  |2 svkpocl  |9 1605068 
600 1 7 |a Župan, Jevhen Jevhenovyč,  |d 1951-  |2 svkpocl  |9 1600063 
610 2 7 |a Svetová rada Rusínov  |2 svkpocl  |9 1061689 
610 2 7 |a Rada Európy.  |b Ofis Rady Jevropy (Kyjiv, Ukrajina)  |2 svkpocl  |9 1622690 
610 2 7 |a Narodna rada Rusyniv Zakarpat'a (Užhorod, Ukrajina)  |2 svkpocl  |9 1288290 
610 2 7 |a World Academy of Carpatho-Rusyn Culture (Toronto, Kanada)  |2 svkpocl  |9 1622691 
648 7 |a 19.6.2018  |2 svkpocl  |9 1598704 
648 7 |a 4.6.2018  |2 svkpocl  |9 1622692 
650 0 7 |a medzinárodné inštitúcie a organizácie  |2 SNKPH  |9 73817 
650 0 7 |a národnostné menšiny  |2 SNKPH  |9 2669 
650 0 7 |a Rusíni  |2 SNKPH  |9 4087 
650 0 7 |a jazyková politika  |2 SNKPH  |9 4506 
650 0 7 |a podpora vzdelávania  |2 SNKPH  |9 71428 
650 0 7 |a otvorené listy  |2 svkpocl  |9 651427 
650 0 7 |a národnosti  |2 SNKPH  |9 4722 
650 0 7 |a rusínčina  |2 SNKPH  |9 51510 
651 7 |a Ukrajina  |2 SNKPHgeo  |9 168045 
651 7 |a Európa  |2 SNKPHgeo  |9 167569 
651 7 |a Zakarpatská Ukrajina  |2 SNKPH  |9 55422 
773 0 |t NN info Rusyn  |g Roč. XV (27), č. 13-14 (2018), s. 13  |x 2454-0013 
852 |a SVKPO  |b KIS3GCP 
856 4 2 |y Elektronický archív Info Rusyna je dostupný na: http://www.rusyn.sk 
856 4 2 |u https://ruskline.ru/monitoring_smi/2009/04/17/rusiny_i_zapad_qui_prodest 
856 4 2 |u https://www.coe.int/uk/web/kyiv/-/within-the-project-protecting-national-minorities-including-roma-and-minority-languages-in-ukraine-held-a-coordination-meeting-to-discuss-the-roadmap- 
958 |a RN 
958 |a SS 
958 |a UA 
958 |a LX 
958 |a NM 
999 |c 3344849  |d 3346779